| 000 | 02499nam a2200457 i 4500 | ||
|---|---|---|---|
| 001 | 194957 | ||
| 003 | ES-MaACL | ||
| 005 | 20250902225559.0 | ||
| 007 | cr|||||||||||| | ||
| 008 | 240321s2021 sp o 000 0 spa d | ||
| 017 |
_aBI 01803-2021 _bOficina Depósito Legal Bilbao |
||
| 020 | _a9788492937882 | ||
| 040 |
_aES-MaCSI _bspa _cES-MaACL |
||
| 080 | _a378.4:378.107 | ||
| 080 | _a378.4:316.46 | ||
| 080 | _a378.4:65.014 | ||
| 080 | _a348.4:048.35 | ||
| 100 |
_aMiravalles Pérez, Belén _9236572 _eaut |
||
| 245 | 1 | 0 |
_aUniversidades líderes en el mundo : _bEl posicionamiento de España / _cBelén Miravalles Pérez, Inés Rosell Quintanilla, Irene Zaera Cuadrado; dirigido por Francisco Pérez García, Joaquín Aldás Manzano, José María Peiró Silla. |
| 260 |
_aBilbao : _bFundación BBVA, _c2021. |
||
| 300 |
_a499 páginas ; _c24 cm |
||
| 336 |
_2rdacontent _atexto |
||
| 337 |
_2rdamedia _asin mediación |
||
| 338 |
_2rdacarrier _avolumen |
||
| 520 | _aLa presente monografía analiza el papel de las universidades líderes en el mundo y el posicionamiento de las instituciones españolas, en un escenario marcado por la aceleración del conocimiento, la globalización y la transformación digital. La obra profundiza en el significado del liderazgo universitario y el alcance de contar con universidades globales para afrontar los desafíos actuales. Situar universidades españolas en la élite global es un reto importante, pero el principal desafío es la adaptación del sistema universitario al nuevo escenario y su contribución a que la sociedad española participe de las oportunidades que acompañan al avance del conocimiento. | ||
| 650 | 4 |
_aEnseñanza superior _2CSICAU _912317 |
|
| 650 | 0 |
_aPlanificación educativa _9236573 |
|
| 650 | 0 |
_aEnseñanza- _xInnovaciones _2CSICAU _9236574 |
|
| 700 |
_aRosell Quintana, Inés _9236575 _eaut |
||
| 700 |
_aZaera Cuadrado, Irene _9236576 _eaut |
||
| 700 | 1 |
_aPérez García, Francisco _9236525 |
|
| 700 |
_aAldás Manzano, Joaquín _9236577 _epbl |
||
| 700 |
_aPeiró Silla, José María _9236578 _epbl |
||
| 710 | 2 |
_aFundación BBVA _94230 |
|
| 852 |
_aES-MaACL _cDEPOJ _jN-9925 _xEncuadernación rústica con solapas _hDonación: Editorial _9205847 |
||
| 942 |
_cMONOGRAFIA _n0 |
||
| 999 |
_c194957 _d194957 |
||